Assessment of bacterial community patterns from ecologically distinct Antarctic soil environments /
Saved in:
| Main Author: | |
|---|---|
| Format: | Thesis Book |
| Language: | English |
| Published: |
2011.
|
| Subjects: | |
| Online Access: | http://studentsrepo.um.edu.my/id/eprint/3737 |
| Tags: |
Add Tag
No Tags, Be the first to tag this record!
|
| LEADER | 01154cam a2200289 a 4500 | ||
|---|---|---|---|
| 001 | u870842 | ||
| 003 | SIRSI | ||
| 005 | 201212241713 | ||
| 008 | 121224s2011 my a t 000 0 eng m | ||
| 040 | |a UMM |d AUM |e rda | ||
| 043 | |a t------ | ||
| 090 | |a QH302 |b UMP 2011 Cho | ||
| 100 | 1 | |a Chong, Chun Wie. | |
| 245 | 1 | 0 | |a Assessment of bacterial community patterns from ecologically distinct Antarctic soil environments / |c Chong Chun Wie. |
| 260 | |c 2011. | ||
| 300 | |a xx, 184 leaves : |b ill. ; |c 30 cm. | ||
| 502 | |a Thesis (Ph.D) -- Institut Sains Biologi, Fakulti Sains, Universiti Malaya, 2011. | ||
| 504 | |a Bibliography: leaves 159-178. | ||
| 530 | |a Also issued in CD. | ||
| 650 | 0 | |a Bacteria |x Ecology |x Research. | |
| 650 | 0 | |a Microbial ecology |z Antarctica. | |
| 710 | 2 | |a Universiti Malaya. |b Jabatan Kimia. | |
| 856 | 4 | 1 | |u http://studentsrepo.um.edu.my/id/eprint/3737 |
| 900 | |a US-ZA | ||
| 596 | |a 1 25 | ||
| 999 | |a QH302 UMP 2011 CHO |w LC |c 1 |i A515297561 |d 19/6/2013 |f 19/6/2013 |g 1 |l STACKS |m P01UTAMA |r Y |s Y |t TESIS |u 19/6/2013 | ||
| 999 | |a QH302 UMP 2011 CHO |w LC |c 1 |i A515365522 |f 16/12/2022 |g 1 |l STACKS |m P25UMARCHI |r N |s Y |t CD |u 3/8/2015 |1 STEM |o .STAFF. MST-CD1562 | ||
